[Event "EU-ch Seniors 50 19th"]
[Site "Rhodes"]
[Date "2019.04.11"]
[Round "6"]
[White "Martinez Lopez, Jaime"]
[Black "Alikhanashvili, Giuli"]
[Result "1/2-1/2"]
[WhiteElo "1992"]
[BlackElo "1895"]
[PlyCount "78"]
[EventDate "2019.04.06"]
[EventType "swiss"]
[EventRounds "9"]
[EventCountry "GRE"]
[SourceTitle "CBM 189 Extra"]
[Source "ChessBase"]
[SourceDate "2019.06.03"]
[SourceVersion "1"]
[SourceVersionDate "2019.06.03"]
[SourceQuality "1"]

1. d4 d5 2. Bf4 Nf6 3. e3 Bf5 4. c4 e6 5. Nc3 Bb4 6. Qa4+ Nc6 7. Nf3 0-0 8. Be2 Ne4 9. Rc1 a6 10. cxd5 exd5 11. 0-0 Bxc3 12. bxc3 b5 13. Qa3 g5 14. Bg3 f6 15. Qb2 Na5 16. Nd2 Nc4 17. Bxc4 bxc4 18. Nxe4 Bxe4 19. f3 Bd3 20. Rfe1 Qd7 21. Qb7 Rfc8 22. e4 dxe4 23. fxe4 Qb5 24. Qd5+ Kg7 25. h4 h6 26. a4 Qxd5 27. exd5 Kf7 28. Re6 Rd8 29. Rce1 Rxd5 30. Re7+ Kg6 31. hxg5 hxg5 32. Bxc7 Rh8 33. R1e6 Rf5 34. Re1 g4 35. R7e6 a5 36. Ra6 Rfh5 37. Rxa5 Rxa5 38. Bxa5 Ra8 39. Bb4 Rxa4 1/2-1/2

[Event "EU-ch Seniors 50 19th"]
[Site "Rhodes"]
[Date "2019.04.07"]
[Round "2"]
[White "Mihai, Catalin"]
[Black "Alikhanashvili, Giuli"]
[Result "1/2-1/2"]
[WhiteElo "1973"]
[BlackElo "1895"]
[PlyCount "25"]
[EventDate "2019.04.06"]
[EventType "swiss"]
[EventRounds "9"]
[EventCountry "GRE"]
[SourceTitle "CBM 189 Extra"]
[Source "ChessBase"]
[SourceDate "2019.06.03"]
[SourceVersion "1"]
[SourceVersionDate "2019.06.03"]
[SourceQuality "1"]

1. e4 d6 2. d4 Nf6 3. Nc3 e6 4. f4 Be7 5. Nf3 d5 6. e5 Nfd7 7. Be3 c5 8. Be2 Nc6 9. Qd2 a6 10. a4 Qc7 11. 0-0 b6 12. Nd1 cxd4 13. Nxd4 1/2-1/2